00589nam a2200157 i 4500001000700000003000900007005001700016008004100033080002400074110004400098245015700142260003100299610005600330700002200386852002300408190336ES-MaACL20230906223716.0201111s1854 sp |||| | spa d a5:061.22(460.27 M.)2 aAcademia de Ciencias Naturales (Madrid)10aResumen de las actas de la Real Academia de Ciencias de Madrid en el año académico de 1852 a 1853... / cpor el secretario perpetuo Mariano Lorente. aMadrid : b[s.n.], c1854.24aAcademia de Ciencias Naturales (Madrid)-vMemorias.1 aLorente, Mariano.4 aES-MaACLjT-25-F-9